[Event "Rubinstein Memorial 56th"]
[Site "Polanica Zdroj"]
[Date "2020.08.22"]
[Round "8"]
[White "Domanski, Lukasz"]
[Black "Majocha, Piotr"]
[Result "0-1"]
[WhiteElo "2039"]
[BlackElo "1972"]
[PlyCount "72"]
[EventDate "2020.08.15"]
[EventType "swiss"]
[EventRounds "9"]
[EventCountry "POL"]
[SourceTitle "CBM 197 Extra"]
[Source "ChessBase"]
[SourceDate "2020.09.30"]
[SourceVersion "1"]
[SourceVersionDate "2020.09.30"]
[SourceQuality "1"]

1. e4 e6 2. d4 d5 3. Nc3 Bb4 4. exd5 exd5 5. Bd3 Nf6 6. Nge2 0-0 7. 0-0 Bg4 8. f3 Bh5 9. Nf4 Bg6 10. Nxg6 hxg6 11. Ne2 Bd6 12. Bg5 Nbd7 13. c3 c6 14. Qe1 Qc7 15. Qh4 Rfe8 16. Rae1 a5 17. f4 Re3 18. f5 Rxd3 19. Nc1 Rg3 20. hxg3 Bxg3 21. Qh3 Bxe1 22. Rxe1 gxf5 23. Qxf5 Re8 24. Rxe8+ Nxe8 25. Bf4 Qd8 26. Nd3 Qe7 27. Ne5 Nxe5 28. Bxe5 f6 29. Bf4 a4 30. a3 Qe1+ 31. Kh2 Qh4+ 32. Kg1 Qe1+ 33. Kh2 Qe4 34. Qxe4 dxe4 35. Kg3 Kf7 36. Kf2 g5 0-1

[Event "Krakow op-A 29th"]
[Site "Krakow"]
[Date "2019.01.03"]
[Round "8"]
[White "Domanski, Lukasz"]
[Black "Kozak, Antoni"]
[Result "0-1"]
[WhiteElo "2069"]
[BlackElo "2236"]
[PlyCount "34"]
[EventDate "2018.12.27"]
[EventType "swiss"]
[EventRounds "9"]
[EventCountry "POL"]
[SourceTitle "CBM 189 Extra"]
[Source "ChessBase"]
[SourceDate "2019.06.03"]
[SourceVersion "1"]
[SourceVersionDate "2019.06.03"]
[SourceQuality "1"]

1. e4 c5 2. Nf3 e6 3. d4 cxd4 4. Nxd4 Nc6 5. Nc3 d6 6. g3 Nf6 7. Bg2 Be7 8. Nxc6 bxc6 9. e5 Nd5 10. exd6 Qxd6 11. Ne4 Qc7 12. Qg4 f5 13. Qh5+ g6 14. Qh6 fxe4 15. Bxe4 Qe5 16. f3 Bf8 17. Qh4 Bc5 0-1

[Event "Krakow op-A 29th"]
[Site "Krakow"]
[Date "2019.01.02"]
[Round "7"]
[White "Jansen, Bob"]
[Black "Domanski, Lukasz"]
[Result "0-1"]
[WhiteElo "2192"]
[BlackElo "2069"]
[PlyCount "71"]
[EventDate "2018.12.27"]
[EventType "swiss"]
[EventRounds "9"]
[EventCountry "POL"]
[SourceTitle "CBM 189 Extra"]
[Source "ChessBase"]
[SourceDate "2019.06.03"]
[SourceVersion "1"]
[SourceVersionDate "2019.06.03"]
[SourceQuality "1"]

1. d4 d6 2. Bf4 c5 3. d5 Qb6 4. Nc3 Qxb2 5. Bd2 Qb6 6. e4 Nf6 7. f4 e5 8. fxe5 dxe5 9. Nf3 Bd6 10. Bc4 a6 11. 0-0 Bg4 12. h3 Bh5 13. g4 Bg6 14. Nh4 Nbd7 15. Qf3 0-0 16. Nf5 Bxf5 17. gxf5 Qb4 18. Qd3 b5 19. Nxb5 axb5 20. Bxb4 bxc4 21. Qd2 cxb4 22. Kh1 Nc5 23. Rg1 Ncxe4 24. Qg2 g6 25. Rae1 Nc5 26. Qg5 Kg7 27. h4 Ra3 28. Re3 Nce4 29. Rxe4 Nxe4 30. f6+ Nxf6 31. Qg2 e4 32. h5 Nxh5 33. Qxe4 Ng3+ 34. Rxg3 Rxg3 35. Qd4+ Kg8 36. Qf6 0-1

[Event "Rubinstein Memorial-A 54th"]
[Site "Polanica Zdroj"]
[Date "2018.08.25"]
[Round "8"]
[White "Domanski, Lukasz"]
[Black "Rosicki, Marcin"]
[Result "1-0"]
[WhiteElo "2094"]
[BlackElo "2002"]
[PlyCount "55"]
[EventDate "2018.08.18"]
[EventType "swiss"]
[EventRounds "9"]
[EventCountry "POL"]
[SourceTitle "CBM 186 Extra"]
[Source "ChessBase"]
[SourceDate "2018.08.24"]
[SourceVersion "1"]
[SourceVersionDate "2018.08.24"]
[SourceQuality "1"]

1. e4 e5 2. Bc4 Nf6 3. d3 c6 4. Nf3 d5 5. Bb3 Bb4+ 6. Bd2 Bxd2+ 7. Qxd2 0-0 8. Nxe5 Qe7 9. f4 dxe4 10. d4 Nd5 11. Nc3 e3 12. Qe2 Nxf4 13. Qf3 Ne6 14. 0-0 Nd7 15. Ne4 Nxe5 16. dxe5 Nd4 17. Qh5 Nxb3 18. axb3 f6 19. Ra5 b6 20. exf6 Qxe4 21. Re5 Qd4 22. c3 Qd3 23. Qg5 Qxf1+ 24. Kxf1 Ba6+ 25. c4 Rxf6+ 26. Ke2 Rg6 27. Qxe3 Rxg2+ 28. Kf1 1-0

[Event "Rubinstein Memorial-A 54th"]
[Site "Polanica Zdroj"]
[Date "2018.08.19"]
[Round "2"]
[White "Djuric, Stefan"]
[Black "Domanski, Lukasz"]
[Result "1-0"]
[WhiteElo "2352"]
[BlackElo "2094"]
[PlyCount "55"]
[EventDate "2018.08.18"]
[EventType "swiss"]
[EventRounds "9"]
[EventCountry "POL"]
[SourceTitle "CBM 186 Extra"]
[Source "ChessBase"]
[SourceDate "2018.08.24"]
[SourceVersion "1"]
[SourceVersionDate "2018.08.24"]
[SourceQuality "1"]

1. Nf3 d6 2. d4 Nf6 3. c4 g6 4. Nc3 Bg7 5. e4 0-0 6. Be2 e5 7. Be3 exd4 8. Nxd4 Re8 9. f3 c6 10. Qd2 d5 11. exd5 cxd5 12. c5 Nc6 13. Bf2 Be6 14. 0-0 Nd7 15. Rfd1 Qe7 16. Bb5 Rac8 17. Nxe6 Bxc3 18. Qxc3 fxe6 19. b4 Qf6 20. Qe1 a6 21. Be2 Nde5 22. Rab1 Ra8 23. Rb3 Red8 24. Bf1 Nf7 25. a4 a5 26. b5 Ne7 27. f4 d4 28. Bh4 1-0

[Event "Teplice op 13th"]
[Site "Teplice"]
[Date "2018.06.16"]
[Round "1"]
[White "Fridman, Daniel"]
[Black "Domanski, Lukasz"]
[Result "1-0"]
[WhiteElo "2610"]
[BlackElo "2043"]
[PlyCount "51"]
[EventDate "2018.06.16"]
[EventType "swiss"]
[EventRounds "9"]
[EventCountry "CZE"]
[SourceTitle "CBM 185 Extra"]
[Source "ChessBase"]
[SourceDate "2018.07.29"]
[SourceVersion "1"]
[SourceVersionDate "2018.07.29"]
[SourceQuality "1"]

1. Nf3 d6 2. d4 Nf6 3. c4 g6 4. g3 Bg7 5. Bg2 0-0 6. Nc3 Nbd7 7. 0-0 e5 8. e4 exd4 9. Nxd4 Re8 10. h3 Rb8 11. Be3 a6 12. b3 c5 13. Nde2 Ne5 14. a4 Qc7 15. Qc1 b6 16. Bg5 Bb7 17. Rd1 Nc6 18. Rb1 Nb4 19. f3 Bc6 20. Qd2 Red8 21. Qf4 Qe7 22. Rd2 Rd7 23. Rbd1 Rbd8 24. h4 Qe6 25. Kh2 Nh5 26. Qe3 1-0

[Event "Liberec op 18th"]
[Site "Liberec"]
[Date "2018.02.27"]
[Round "4"]
[White "Pawicka, Magdalena"]
[Black "Domanski, Lukasz"]
[Result "0-1"]
[WhiteElo "1807"]
[BlackElo "2007"]
[PlyCount "80"]
[EventDate "2018.02.24"]
[EventType "swiss"]
[EventRounds "9"]
[EventCountry "CZE"]
[SourceTitle "CBM 183 Extra"]
[Source "ChessBase"]
[SourceDate "2018.04.19"]
[SourceVersion "1"]
[SourceVersionDate "2018.04.19"]
[SourceQuality "1"]

1. e4 e5 2. Nf3 Nc6 3. Bc4 Nf6 4. d3 h6 5. c3 d6 6. Nbd2 g6 7. Bb3 Bg7 8. 0-0 0-0 9. Re1 Nh5 10. Nf1 Qf6 11. Ne3 Nf4 12. Nd5 Nxd5 13. Bxd5 Nd8 14. Be3 Bg4 15. h3 Bxf3 16. Qxf3 Qxf3 17. gxf3 c6 18. Bb3 Ne6 19. Kg2 Kh7 20. Rad1 c5 21. Bxe6 fxe6 22. d4 exd4 23. cxd4 c4 24. f4 d5 25. e5 h5 26. Kg3 Bh6 27. Rc1 Rf7 28. b3 b5 29. bxc4 bxc4 30. Rc3 Raf8 31. Ra3 Bxf4+ 32. Bxf4 Rxf4 33. Rxa7+ Kh6 34. Re2 Rxd4 35. Re7 c3 36. Rxe6 Rd2 37. Re1 Rdxf2 38. Rd6 R8f3+ 39. Kh4 Rf4+ 40. Kg3 h4# 0-1

[Event "Marianske Lazne op 17th"]
[Site "Marianske Lazne"]
[Date "2018.01.20"]
[Round "1"]
[White "Domanski, Lukasz"]
[Black "Koci, Vladimir"]
[Result "1-0"]
[WhiteElo "2121"]
[BlackElo "1644"]
[PlyCount "39"]
[EventDate "2018.01.20"]
[EventType "swiss"]
[EventRounds "9"]
[EventCountry "CZE"]
[SourceTitle "CBM 182 Extra"]
[Source "ChessBase"]
[SourceDate "2018.02.23"]
[SourceVersion "1"]
[SourceVersionDate "2018.02.23"]
[SourceQuality "1"]

1. e4 e6 2. d4 d5 3. exd5 exd5 4. Nf3 Bg4 5. h3 Bxf3 6. Qxf3 Nf6 7. Bd3 Nc6 8. c3 Qe7+ 9. Be3 g6 10. Nd2 Bg7 11. 0-0 0-0 12. Bg5 Qd6 13. Rfe1 Rae8 14. b4 Rxe1+ 15. Rxe1 Re8 16. Rxe8+ Nxe8 17. Nb3 b6 18. Bb5 Qe6 19. Qe3 Kf8 20. Qxe6 1-0

[Event "Krakow op-A 28th"]
[Site "Krakow"]
[Date "2018.01.03"]
[Round "8"]
[White "Domanski, Lukasz"]
[Black "Gombocz, Ferenc Jr"]
[Result "0-1"]
[WhiteElo "2121"]
[BlackElo "2032"]
[PlyCount "74"]
[EventDate "2017.12.27"]
[EventType "swiss"]
[EventRounds "9"]
[EventCountry "POL"]
[SourceTitle "CBM 182 Extra"]
[Source "ChessBase"]
[SourceDate "2018.02.23"]
[SourceVersion "1"]
[SourceVersionDate "2018.02.23"]
[SourceQuality "1"]

1. e4 e5 2. Bc4 Nf6 3. d3 c6 4. Nf3 d5 5. Bb3 Bd6 6. exd5 Nxd5 7. 0-0 0-0 8. Nbd2 Bc7 9. Re1 Nd7 10. Ne4 h6 11. Bd2 N7f6 12. h3 Nxe4 13. Rxe4 Bf5 14. Re1 Qf6 15. Qe2 Rfe8 16. c4 Nf4 17. Bxf4 exf4 18. Qxe8+ Rxe8 19. Rxe8+ Kh7 20. d4 Bd7 21. Bc2+ g6 22. Re2 Kg7 23. b4 a5 24. bxa5 Bxa5 25. Rb1 b6 26. c5 bxc5 27. Rb7 Bc8 28. Rb8 Ba6 29. Ree8 cxd4 30. Ne5 d3 31. Bxd3 Bxd3 32. Nxd3 Qa1+ 33. Kh2 f3 34. Rb7 Qf1 35. Nf4 Bd2 36. Ne6+ Kf6 37. gxf3 fxe6 0-1

[Event "Krakow op-A 28th"]
[Site "Krakow"]
[Date "2017.12.30"]
[Round "4"]
[White "Polok, Kacper"]
[Black "Domanski, Lukasz"]
[Result "1/2-1/2"]
[WhiteElo "2280"]
[BlackElo "2121"]
[PlyCount "71"]
[EventDate "2017.12.27"]
[EventType "swiss"]
[EventRounds "9"]
[EventCountry "POL"]
[SourceTitle "CBM 182 Extra"]
[Source "ChessBase"]
[SourceDate "2018.02.23"]
[SourceVersion "1"]
[SourceVersionDate "2018.02.23"]
[SourceQuality "1"]

1. e4 Nf6 2. e5 Nd5 3. d4 d6 4. c4 Nb6 5. exd6 exd6 6. Nc3 Nc6 7. Be3 Be7 8. Bd3 0-0 9. Nge2 Nb4 10. 0-0 Nxd3 11. Qxd3 d5 12. c5 Nc4 13. Nxd5 Qxd5 14. Nf4 Nxe3 15. Nxd5 Nxd5 16. Rae1 c6 17. f4 g6 18. h3 Bf5 19. Qb3 Bf6 20. Re5 Bxe5 21. dxe5 Rad8 22. g4 Bc8 23. f5 Rfe8 24. Qg3 g5 25. h4 Nf4 26. Rxf4 gxf4 27. Qxf4 Rd5 28. Qg5+ Kh8 29. Qf6+ Kg8 30. h5 h6 31. Qxh6 Rdxe5 32. Qg5+ Kh7 33. Qf6 Bxf5 34. Qxf7+ Kh6 35. Qf6+ Kh7 36. Qf7+ 1/2-1/2

[Event "Brno op 7th"]
[Site "Brno"]
[Date "2017.11.16"]
[Round "7"]
[White "Domanski, Lukasz"]
[Black "Bengherabi, Khalil"]
[Result "0-1"]
[WhiteElo "2080"]
[BlackElo "2220"]
[PlyCount "54"]
[EventDate "2017.11.11"]
[EventType "swiss"]
[EventRounds "9"]
[EventCountry "CZE"]
[SourceTitle "CBM 181 Extra"]
[Source "ChessBase"]
[SourceDate "2017.12.12"]
[SourceVersion "1"]
[SourceVersionDate "2017.12.12"]
[SourceQuality "1"]

1. e4 c5 2. Nf3 d6 3. Bb5+ Bd7 4. Bxd7+ Qxd7 5. 0-0 g6 6. c3 Bg7 7. d4 cxd4 8. cxd4 Nf6 9. Nc3 0-0 10. h3 Nc6 11. Be3 a6 12. a4 Na5 13. e5 Ne8 14. Nd5 Nc4 15. Bg5 e6 16. Nf6+ Nxf6 17. exf6 Bh8 18. Nh2 Rfc8 19. b3 Nb6 20. Re1 Nd5 21. Ng4 h5 22. Ne3 Nxf6 23. Bf4 d5 24. Nf1 Ne4 25. Ng3 Nxg3 26. Bxg3 Rc3 27. Bf4 Rac8 0-1

[Event "Prague Summer op 4th"]
[Site "Prague"]
[Date "2017.08.09"]
[Round "7"]
[White "Domanski, Lukasz"]
[Black "Pribyl, Viktor"]
[Result "0-1"]
[WhiteElo "2102"]
[BlackElo "1906"]
[PlyCount "80"]
[EventDate "2017.08.04"]
[EventType "swiss"]
[EventRounds "9"]
[EventCountry "CZE"]
[SourceTitle "CBM 179 Extra"]
[Source "ChessBase"]
[SourceDate "2017.08.23"]
[SourceVersion "1"]
[SourceVersionDate "2017.08.23"]
[SourceQuality "1"]

1. e4 c5 2. Nf3 d6 3. d4 cxd4 4. Nxd4 Nf6 5. Nc3 a6 6. Bc4 e6 7. 0-0 Be7 8. Bb3 0-0 9. Qf3 Qc7 10. Qg3 Nc6 11. Nxc6 bxc6 12. e5 dxe5 13. Re1 Kh8 14. Bg5 Bb7 15. Qxe5 Bd6 16. Qd4 Bxh2+ 17. Kh1 c5 18. Qh4 Be5 19. Re3 Ng8 20. Bc4 h6 21. Rh3 Qc6 22. Rg1 Bf6 23. Bxf6 Nxf6 24. Qf4 Ne4 25. Bd3 f5 26. Bxe4 fxe4 27. Qe3 Rf7 28. Rh4 Rf5 29. Re1 Raf8 30. Re2 Qd6 31. Rxh6+ gxh6 32. Qxh6+ Kg8 33. Qg6+ Kh8 34. Re3 Rf3 35. gxf3 Rxf3 36. Qh6+ Kg8 37. Re1 e3 38. Qg6+ Kf8 39. Qh6+ Ke7 40. Qh4+ Kd7 0-1

[Event "Prague Summer op 4th"]
[Site "Prague"]
[Date "2017.08.08"]
[Round "6"]
[White "Pauly, Carlo"]
[Black "Domanski, Lukasz"]
[Result "1-0"]
[WhiteElo "2261"]
[BlackElo "2102"]
[PlyCount "49"]
[EventDate "2017.08.04"]
[EventType "swiss"]
[EventRounds "9"]
[EventCountry "CZE"]
[SourceTitle "CBM 179 Extra"]
[Source "ChessBase"]
[SourceDate "2017.08.23"]
[SourceVersion "1"]
[SourceVersionDate "2017.08.23"]
[SourceQuality "1"]

1. d4 d5 2. c4 dxc4 3. Nf3 a6 4. a4 Nc6 5. e4 Bg4 6. Bxc4 e6 7. 0-0 Bxf3 8. Qxf3 Qxd4 9. Bb3 Bd6 10. Nc3 Nge7 11. Be3 Qb4 12. Ba2 Ng6 13. Qh3 0-0 14. Rab1 Be5 15. Qg4 Rab8 16. h4 Bxc3 17. bxc3 Qxc3 18. h5 Nge5 19. Qg3 Kh8 20. Rfe1 Nd3 21. Red1 Ndb4 22. Bb3 Na5 23. h6 Rfd8 24. Qg5 Nac6 25. Bd4 1-0

[Event "Warsaw Najdorf Memorial op-A 15th"]
[Site "Warsaw"]
[Date "2017.07.09"]
[Round "1"]
[White "Domanski, Lukasz"]
[Black "Lagunow, Raphael"]
[Result "0-1"]
[WhiteElo "2113"]
[BlackElo "2348"]
[PlyCount "42"]
[EventDate "2017.07.09"]
[EventType "swiss"]
[EventRounds "9"]
[EventCountry "POL"]
[SourceTitle "CBM 179 Extra"]
[Source "ChessBase"]
[SourceDate "2017.08.23"]
[SourceVersion "1"]
[SourceVersionDate "2017.08.23"]
[SourceQuality "1"]

1. e4 c5 2. Nf3 Nc6 3. Bb5 g6 4. Bxc6 dxc6 5. h3 Bg7 6. d3 Nh6 7. Nc3 f6 8. Be3 b6 9. Qd2 Nf7 10. 0-0 e5 11. Nh2 0-0 12. f4 exf4 13. Rxf4 f5 14. Raf1 g5 15. Rxf5 Bxf5 16. Rxf5 h6 17. h4 gxh4 18. Ng4 Qd6 19. e5 Qg6 20. Nf6+ Kh8 21. Rh5 Bxf6 0-1

[Event "Prague op 16th"]
[Site "Prague"]
[Date "2017.01.14"]
[Round "3"]
[White "Adamko, Peter"]
[Black "Domanski, Lukasz"]
[Result "0-1"]
[WhiteElo "2108"]
[BlackElo "1819"]
[PlyCount "52"]
[EventDate "2017.01.13"]
[EventType "swiss"]
[EventRounds "9"]
[EventCountry "CZE"]
[SourceTitle "CBM 176 Extra"]
[Source "ChessBase"]
[SourceDate "2017.03.02"]
[SourceVersion "1"]
[SourceVersionDate "2017.03.02"]
[SourceQuality "1"]

1. e4 c5 2. Nf3 e6 3. c3 Nf6 4. e5 Nd5 5. d4 cxd4 6. cxd4 d6 7. exd6 Bxd6 8. Bd3 Nd7 9. 0-0 0-0 10. Nc3 Nxc3 11. bxc3 b6 12. Re1 Qc7 13. c4 Bb7 14. Bb2 Bxf3 15. Qxf3 Bxh2+ 16. Kh1 Bd6 17. Re4 Be7 18. Qh3 Bf6 19. Rae1 g6 20. Ba3 Rfd8 21. Rh4 Nf8 22. Bxf8 Bxh4 23. Qxh4 Rxf8 24. Re3 Qd8 25. Qf4 Rc8 26. Rh3 f5 0-1